Provinces of Iraq Quiz - Statistics

General Stats
  • This quiz has been taken 264 times
  • The average score is 8 of 18
Answers on the Map
Answers color-coded by a green-red scale on the quiz's map according to % correct below.
 
Answer Stats
Province % Correct
Baghdad
93%
Arbil
72%
Al-Anbar
60%
Kirkuk
60%
Al-Karbala
56%
Babil
47%
Al-Basrah
42%
An-Najaf
42%
As-Sulaymaniyah
36%
Wasit
35%
Diyala
34%
Salah ad-Din
33%
Dhi Qar
30%
Maysan
29%
Al-Muthanna
28%
Ninawa
22%
Al-Qadisiyyah
20%
Dahuk
19%
No matching quizzes found
Score Distribution
Percent of People with Each Score
Percentile by Number Answered
Your Score History
You have not taken this quiz